00384 2200157 4500001002100000005001500021008004100036020001800077035001900095082000800114090001400122100001600136700001900152245002200171260003300193INLIS00000000000767920241224113519241224||||||||| | ||| |||| ||  a9789794336748 0010-12240076790 a813 a813 NOE r0 aAlyson Noel0 aReni Indardini00aRADIANCE : Terang aJakartabMizan Fantasic2012